000 00800nam a2200241Ia 4500
003 GCL
008 140319s9999 xx 000 0 ara d
020 _a7268917977
040 _aGCL /
_cGCL
082 0 4 _a791.43
_bم أ
100 1 _aمصطفى محرم
245 1 0 _aاحمد زكى :
_bالاصل والصورة /
_cمصطفى محرم
250 _aالاولى
260 _aالقاهرة :
_bالدار للنشر والتوزيع ،
_c2005
300 _a193ص ؛
_c19سم
650 0 4 _aالافلام السينمائية
650 0 4 _aالممثلون والممثلات
650 0 4 _aالتمثيل فى السينما
650 0 4 _aالسينما - تراجم
650 0 4 _aالممثلون والممثلات المصريون
650 0 4 _aاحمد زكى
942 _2ddc
_cBK
999 _c8194
_d8194